000 00709nam a2200205 i 4500
001 27377
003 ES-MaACL
005 20230906153616.0
007 t|
008 030114s1982 xxu ||||1| eng d
100 1 _aAzaña, Manuel,
_d1880-1940
_924223
245 1 0 _aVigil in Benicarló /
_cManuel Azaña ; translated with an introduction by Josephine Stewart and Paul Stewart.
260 _aRutherford :
_bFairleigh Dickinson University Press,
_c[1982]
300 _a135 p. ;
_c22 cm.
651 4 _aEspaña-
_xHistoria-
_y1936-1939, Guerra civil-
_vTeatro.
_98328
700 1 _aStewart, Josephine.
_9108186
700 1 _aStewart, Paul.
_9108190
852 _aES-MaACL
_jL-3114
999 _c27377
_d27377